00752nam a2200193 a 450000100100000000500170001000800410002702000180006804000250008610000210011124501810013224600140031326000920032730000200041949000240043970000360046371000350049983000240053400004049420201002034153.0130826s2010 mx 000 0 spa d a9786070212352 aDO-SdBNPbspacBNPHU1 aLizalde, Eduardo13aLa poesía mexicana esplendor e infortunios :bdiscurso de ingreso a la Academia Mexicana de la Lengua 24 de mayo de 2007 ; Respuesta /cEduardo Lizalde, Ernesto de la Peña.13aRespuesta aMéxico :bUniversidad Autónoma de México : Academia Mexicana de la Lengua,c2010. a67 p. ;c17 cm.1 aDifusión Cultural1 aPeña, Ernesto de latRepuesta2 aAcademia Mexicana de la Lengua 0aDifusión cultural